Statistics for 10 Largest Cities in Wyoming

Click here to take the quiz!

General Stats

  • This quiz has been taken 17 times
  • The average score is 6 of 10

Answer Stats

PopulationCity% Correct
64,610Cheyenne
93%
10,728Jackson
93%
58,547Casper
73%
31,501Laramie
73%
18,660Sheridan
53%
33,047Gillette
47%
23,505Rock Springs
40%
11,802Evanston
27%
11,887Green River
27%
10,619Riverton
27%

Score Distribution

Percentile by Number Answered

Percent of People with Each Score

Your Score History

You have not taken this quiz